Les Misérables - Le roman - Statistiques

Statistiques générales
  • Ce quiz a été pris 871 fois
  • Le résultat moyen est 10 sur 16
Statistiques - réponses
Question Réponse % Correct
Qui a écrit ce livre ? Victor Hugo
100%
Personnage central du roman, dont le nom est la contraction de « Voilà Jean ». Jean Valjean
96%
Jeune fille que les Thénardier traitent comme leur domestique ; son nom est aujourd'hui devenu synonyme d'enfant maltraité. Cosette
88%
Qu'a-t-il volé un soir d'hiver pour nourrir sa famille, alors en pleine disette ? Du pain
88%
Complétez les paroles de la chanson que chante ce personnage : "Je suis tombé par terre,C'est la faute à Voltaire, Le nez dans le ruisseau, C'est la faute à ________" Rousseau
86%
L'auteur résume son œuvre sociale où il peint une société qui pousse au crime en une phrase :"Ouvrez des écoles, vous fermerez des ______" Prisons
82%
Fils des Thénardier, que ceux-ci n'aiment pas ; archétype de l'enfant des rues parisiennes. Gavroche
74%
Mouvement littéraire auquel il se rattache. Le romantisme
69%
Ile Anglo-Normande depuis laquelle il a écrit cette œuvre, alors qu'il était en exil. Guernesey
58%
Adoptée par le personnage de la question 4, la jeune fille et son nouveau père adoptif effectuent des promenades quotidiennes dans ce jardin du 6e arrondissement de Paris. Le Jardin du Luxembourg
58%
Suite à ce vol, il est condamné à passer cinq ans au bagne dans cette ville du sud de la France. Toulon
56%
C'est dans ce jardin qu'elle rencontre ce jeune homme de vingt ans avec lequel elle va se marier. Marius
48%
Ce personnage a vraisemblablement été inspiré par un enfant figurant sur ce célèbre tableau d'Eugène Delacroix. La Liberté guidant le peuple
45%
Acteur australien incarnant le rôle du personnage de la question 4 dans un film musical de 2012, aux côtés de Russell Crowe, Sacha Baron Cohen, Helena Bonham Carter et Anne Hathaway. Hugh Jackman
27%
Auteur contemporain de la sortie de cette œuvre, et qui, dans une de ses correspondances, déclare n'y trouver "ni vérité ni grandeur". Gustave Flaubert
19%
Réalisateur français ayant adapté Les Misérables en 1995 avec Jean-Paul Belmondo, Michel Boujenah, Annie Girardot et Jean Marais. Claude Lelouch
15%
Aucun quiz correspondant
Distribution des résultats
% des personnes avec chaque résultat
Percentile par nombre de réponses
Votre historique - résultats
Vous n’avez pas pris ce quiz